Managing fisheries-empowering communities: conference proceedings
Guardat en:
| Autor principal: | |
|---|---|
| Format: | Llibre |
| Idioma: | anglès |
| Publicat: |
Fairbanks
Alaska Sea Grant College Program
2005
|
| Edició: | 1a. ed |
| Matèries: | |
| Etiquetes: |
Afegir etiqueta
Sense etiquetes, Sigues el primer a etiquetar aquest registre!
|
MARC
| LEADER | 00000nam a2200000 a 4500 | ||
|---|---|---|---|
| 001 | UCJ2359 | ||
| 003 | CL-VaPUC | ||
| 005 | 20211026074213.0 | ||
| 008 | 061214e20050000us 1 eng d | ||
| 020 | |a 1566121000 | ||
| 082 | 0 | 4 | |a 639.2 |b CUL |2 21 |
| 100 | 1 | |a Cullenberg, Paula |e author |9 620913 | |
| 245 | 1 | 0 | |a Managing fisheries-empowering communities: conference proceedings |
| 250 | |a 1a. ed | ||
| 260 | |a Fairbanks |b Alaska Sea Grant College Program |c 2005 | ||
| 300 | |a 94 p | ||
| 583 | |a last modification |c 20190826 10:24:40 |k Rodrigo Vera | ||
| 650 | 0 | 7 | |a PESCA COMERCIAL |2 CL-VaPUC |9 620914 |
| 650 | 0 | 7 | |a GESTION DE PESCA |2 CL-VaPUC |9 620915 |
| 650 | 0 | 0 | |a Productividad |9 335972 |
| 650 | 0 | 0 | |a Aspectos económicos |9 255165 |
| 650 | 0 | 7 | |a EQUILIBRIO ECOLOGICO |2 CL-VaPUC |9 352587 |
| 650 | 0 | 0 | |a Gestión de datos |9 353312 |
| 942 | |c BK | ||
| 945 | |a cmena |d 20061214 00:00:00 | ||
| 546 | |a En Inglés | ||
| 536 | |a University of Alaska Fairbanks | ||
| 518 | |p The Managing Fisheries-Empowering Communities, 1, Anchorage, 21-23 abril de 2005 | ||
| 999 | |c 384217 |d 384215 | ||
| 952 | |0 0 |1 0 |4 0 |6 639_200000000000000_CUL_2005 |7 0 |8 CCM |9 506834 |a BIBCUR |b BIBCUR |d 2020-01-23 |i 4306236 |o 639.2 CUL 2005 |p 4306236 |r 2025-04-22 |w 2020-01-23 |y BK |k CIM | ||